000 00278nam a2200109Ia 4500
008 220204s9999 xx 000 0 und d
082 _a339.138
_bPRO
100 _aProut, T P
245 0 _aIndustrial market research workbook
260 _aGreat Britain
_bGower
_c1973
942 _cBK
999 _c28461
_d28461